Semana Santa en Sevilla (Record no. 7196)

MARC details
000 -CABECERA
campo de control de longitud fija 01131nam a2200313 a 4500
001 - NÚMERO DE CONTROL
campo de control BRCA_7522
005 - FECHA Y HORA DE LA ÚLTIMA TRANSACCIÓN
campo de control 20190320205855.0
008 - DATOS DE LONGITUD FIJA--INFORMACIÓN GENERAL
campo de control de longitud fija 160513s1948----sp-a###f##---#001-0#spa-#
041 ## - CÓDIGO DE LENGUA
Código de lengua del texto/banda sonora o título independiente spa
044 ## - CÓDIGO DEL PAÍS DE LA ENTIDAD EDITORA/PRODUCTORA
Código MARC del país sp
050 #4 - SIGNATURA TOPOGRÁFICA DE LA BIBLIOTECA DEL CONGRESO
Número de clasificación DP302.S4
Número de documento/Ítem .O78 1948
100 1# - ENTRADA PRINCIPAL--NOMBRE DE PERSONA
Nombre de persona Ortiz Muñoz, Luis
9 (RLIN) 18555
245 10 - MENCIÓN DE TÍTULO
Título Semana Santa en Sevilla
Mención de responsabilidad, etc. introducción y acotaciones literarias de Luis Ortiz Muñoz ; antología fotográfica de Luis Arenas ; prólogo de Joaquín Romero y Murube ; portada e ilustraciones de Antonio Cobos.
250 ## - MENCIÓN DE EDICIÓN
Mención de edición 2
260 ## - PUBLICACIÓN, DISTRIBUCIÓN, ETC.
Lugar de publicación, distribución, etc. Madrid
Nombre del editor, distribuidor, etc. L. Ortiz Muñoz
Fecha de publicación, distribución, etc. 1948
300 ## - DESCRIPCIÓN FÍSICA
Extensión xxii, 346 p.
Otras características físicas il., 208 láminas
Dimensiones 31 cm.
500 ## - NOTA GENERAL
Nota general Incluye índice analítico e índice de láminas
500 ## - NOTA GENERAL
Nota general R72
504 ## - NOTA DE BIBLIOGRAFÍA, ETC.
Nota de bibliografía, etc. Bibliografía p. 309-312
650 14 - PUNTO DE ACCESO ADICIONAL DE MATERIA--TÉRMINO DE MATERIA
Término de materia o nombre geográfico como elemento de entrada Fiestas religiosas
Subdivisión geográfica España
9 (RLIN) 18556
650 14 - PUNTO DE ACCESO ADICIONAL DE MATERIA--TÉRMINO DE MATERIA
Término de materia o nombre geográfico como elemento de entrada Semana Santa
Subdivisión de forma Culto
9 (RLIN) 18557
651 #4 - PUNTO DE ACCESO ADICIONAL DE MATERIA--NOMBRE GEOGRÁFICO
Nombre geográfico Sevilla, España
Subdivisión general Descripción
9 (RLIN) 18558
651 #4 - PUNTO DE ACCESO ADICIONAL DE MATERIA--NOMBRE GEOGRÁFICO
Nombre geográfico España
Subdivisión general Descripción y viajes
9 (RLIN) 7912
700 1# - PUNTO DE ACCESO ADICIONAL--NOMBRE DE PERSONA
Nombre de persona Arenas, Luis
Término indicativo de función/relación fot.
9 (RLIN) 18559
700 1# - PUNTO DE ACCESO ADICIONAL--NOMBRE DE PERSONA
Nombre de persona Romero y Murube, Joaquín
Término indicativo de función/relación pról.
9 (RLIN) 11663
700 1# - PUNTO DE ACCESO ADICIONAL--NOMBRE DE PERSONA
Nombre de persona Cobos, Antonio
Término indicativo de función/relación il.
9 (RLIN) 18560
902 ## - CATALOGADOR
Iniciales GFM
942 ## - ELEMENTOS DE PUNTO DE ACCESO ADICIONAL (KOHA)
Fuente del sistema de clasificación o colocación Library of Congress Classification
Tipo de ítem Koha Libros
Holdings
Estado de retiro Estado de pérdida Estado dañado No para préstamo Localización permanente Ubicación/localización actual Fecha de adquisición Número de inventario Total de préstamos Signatura topográfica completa Código de barras Fecha visto por última vez Precio válido a partir de Tipo de ítem Koha
El ejemplar forma parte de la colección y puede ser consultado según las políticas vigentes.       Biblioteca del Museo Franz Mayer (Rogerio Casas-Alatriste) Biblioteca del Museo Franz Mayer (Rogerio Casas-Alatriste) 16/05/2013 R72   DP302.S4 .O78 1948 (R72) 8127 22/03/2019 22/03/2019 Libros